[Event "Faroes Open 2018"]
[Site "Sandavagur"]
[Date "2018.07.07"]
[Round "1"]
[White "Esteve Sanchez, Sergio"]
[Black "Narayanan, Srinath"]
[Result "1/2-1/2"]
[WhiteElo "1994"]
[BlackElo "2549"]
[Annotator "TA"]
[PlyCount "103"]
[EventDate "2018.07.07"]
[EventType "swiss"]
[EventCountry "FAI"]
[SourceTitle "playchess.com"]
[Source "ChessBase"]
[SourceQuality "1"]

{[%evp 13,103,-6,0,-110,-124,-93,-91,-117,-118,-177,-177,-206,-192,-168,-180,-269,-252,-272,-274,-274,-266,-268,-269,-301,-201,-214,-184,-194,-191,-293,-290,-293,-293,-251,-67,-67,-67,-67,-67,-67,-67,-67,-67,-67,-72,-68,-68,-67,-67,-67,-67,-67,-67,-67,-67,-67,-45,-45,-45,-50,0,-50,-60,-67,-60,-60,-19,-19,-19,-19,-19,-19,-19,-19,0,-19,-19,-19,0,0,0,0,0,0,0,0,0,0,0,0,0,0]} 1. b3 e5 2. Bb2 Nc6 3. e3 Nf6 4. Bb5 e4 (4... Bd6 5. Na3 e4 6. Nc4 Be7 7. Bxc6 bxc6 8. Ne2 a5 9. O-O a4 10. d3 exd3 11. cxd3 axb3 12. axb3 Rxa1 13. Qxa1 {1-0 (27) Karjakin,S (2782)-Giri,A (2782) Leuven 2018}) 5. Ne2 a6 6. Bxc6 {A01: Nimzowitsch-Larsen Opening} dxc6 7. Ng3 h5 {LiveBook: 4 Games} 8. Bxf6 (8. Nc3 $11) 8... Qxf6 $17 9. Nc3 Qg6 $146 ({Predecessor:} 9... h4 10. Nge2 h3 11. gxh3 Qf3 12. Ng3 Qxd1+ 13. Rxd1 {½-½ (59) Ljubojevic,L (2571)-Ribli,Z (2526) Platja d'Aro 2017}) 10. h4 Bg4 11. Qc1 (11. Nce2 $17 {keeps fighting.}) 11... f5 $19 12. Qb2 O-O-O 13. Nce2 Bd6 14. a3 (14. b4 $142) 14... Rhe8 15. Nf4 Bxf4 16. exf4 Qd6 17. Nf1 Qxf4 18. Ne3 Qd6 19. Qc3 f4 20. Nxg4 hxg4 21. a4 {[#]} (21. O-O-O $142) 21... e3 $1 {[%mdl 512]} 22. fxe3 (22. dxe3 fxe3) 22... fxe3 23. O-O-O exd2+ $2 (23... e2 $19 24. Rde1 Re5) 24. Rxd2 $15 Qh6 {Hoping for ...Re2.} 25. Rhd1 Rxd2 26. Qxd2 Re2 27. Qxh6 gxh6 {[%mdl 4096] Endgame KR-KR} 28. g3 Re3 29. Rf1 Rxg3 {[#] Strongly threatening ...Rh3.} 30. Rf6 $1 Rg1+ 31. Kd2 Rg2+ 32. Kc3 h5 {Threatens to win with ...Rh2.} 33. Rf5 Kd7 34. Rxh5 Ke6 35. Rg5 Kf6 36. Kd3 a5 37. Kc3 b6 38. Kd3 c5 39. Kc3 Rg1 40. Kc4 {The position is equal.} c6 41. Kc3 g3 42. Kc4 Rg2 43. Kc3 Rg1 44. Kc4 g2 45. Rg8 b5+ 46. Kxc5 bxa4 47. bxa4 Ke5 48. h5 {[%cal Bh4h5,Bh5h6,Bh6h7][%mdl 32]} Ke4 49. h6 Kf3 $1 {And now ...Rh1 would win.} 50. h7 Rh1 51. Rf8+ Ke3 (51... Kg4 $5 52. Rg8+ $8 Kf3 53. Rf8+ Ke4 $11) 52. Rg8 {Precision: White = 75%, Black = 60%.} 1/2-1/2

[Event "Faroes Open 2018"]
[Site "Sandavagur"]
[Date "2018.07.07"]
[Round "1"]
[White "Fjallheim, Leif Reinert"]
[Black "Greenfeld, Alon"]
[Result "0-1"]
[WhiteElo "1886"]
[BlackElo "2496"]
[Annotator "RC"]
[PlyCount "56"]
[EventDate "2018.07.07"]
[EventType "swiss"]
[EventCountry "FAI"]
[SourceTitle "playchess.com"]
[Source "ChessBase"]
[SourceQuality "1"]
[TimeControl "40/5400+30:900+30"]

1. e4 {[%emt 0:00:00]} c5 {[%emt 0:02:14]} 2. Nc3 {[%emt 0:01:01]} a6 {[%emt 0:02:50]} 3. a4 {[%emt 0:04:27]} e6 {[%emt 0:04:11]} 4. f4 {[%emt 0:02:26]} d5 {[%emt 0:00:21]} 5. d3 {[%emt 0:04:03]} Nc6 {[%emt 0:03:18]} 6. Nf3 {[%emt 0:04:18]} Nf6 {[%emt 0:02:42]} 7. Be2 {[%emt 0:04:14]} b6 {[%emt 0:13:20]} 8. O-O {[%emt 0:03:48]} Bb7 {[%emt 0:00:05]} 9. h3 {[%emt 0:09:17]} Be7 {[%emt 0:15:02]} 10. Qe1 {[%emt 0:07:24]} O-O {[%emt 0:00:41]} 11. Bd1 {[%emt 0:08:52]} Qc7 {[%emt 0:03:20]} 12. g4 {[%emt 0:17:27]} Rad8 {[%emt 0:12:24]} 13. g5 {[%emt 0:12:45]} Ne8 {[%emt 0:02:06]} 14. e5 {[%emt 0:06:06]} Kh8 {[%emt 0:04:30]} 15. Qh4 {[%emt 0:04:49]} f6 {[%emt 0:09:41]} 16. exf6 {[%emt 0:02:40]} gxf6 {[%emt 0:00:18]} 17. g6 {[%emt 0:02:20]} Bd6 {[%emt 0:00:07]} 18. Kf2 {[%emt 0:01:24]} Rg8 {[%emt 0:10:56]} 19. Rg1 {[%emt 0:00:33]} f5 {[%emt 0:01:52]} 20. Bd2 {[%emt 0:01:32]} Qe7 {[%emt 0:01:24]} 21. Rg5 {[%emt 0:00:31]} Rxg6 {[%emt 0:04:24]} 22. Rxg6 {[%emt 0:00:13]} Qxh4+ {[%emt 0:00:05]} 23. Nxh4 {[%emt 0:00:07]} hxg6 {[%emt 0:00:07]} 24. Nxg6+ {[%emt 0:00:21]} Kg7 {[%emt 0:00:14]} 25. Nh4 {[%emt 0:00:21]} Nf6 {[%emt 0:02:17]} 26. Bf3 {[%emt 0:00:15]} Rh8 {[%emt 0:01:19]} 27. Kg3 {[%emt 0:01:21]} Nd4 {[%emt 0:01:33]} 28. Rc1 {[%emt 0:00:49]} Rxh4 {[%emt 0:00:26]} 0-1

[Event "Faroes Open 2018"]
[Site "Sandavagur"]
[Date "2018.07.07"]
[Round "1"]
[White "Nielsen, Jon I Horni"]
[Black "Nakar, Eylon"]
[Result "0-1"]
[WhiteElo "1735"]
[BlackElo "2462"]
[Annotator "ChessBase"]
[PlyCount "86"]
[EventDate "2018.07.07"]
[EventType "swiss"]
[EventCountry "FAI"]
[SourceTitle "playchess.com"]
[Source "ChessBase"]
[SourceQuality "1"]
[TimeControl "40/5400+30:900+30"]

1. e4 {[%emt 0:00:00]} c5 {[%emt 0:00:00]} 2. Nf3 {[%emt 0:00:00]} d6 {[%emt 0:00:00]} 3. d4 {[%emt 0:01:28]} cxd4 {[%emt 0:00:00]} 4. Nxd4 {[%emt 0:00:07]} Nf6 {[%emt 0:00:04]} 5. Nc3 {[%emt 0:00:09]} a6 {[%emt 0:00:04]} 6. Be3 {[%emt 0:03:02]} e5 {[%emt 0:00:31]} 7. Nb3 {[%emt 0:01:57]} Be6 {[%emt 0:00:12]} 8. f3 {[%emt 0:01:59]} Nbd7 {[%emt 0:04:07]} 9. Qd2 {[%emt 0:03:53]} h5 {[%emt 0:00:52]} 10. h4 {[%emt 0:06:57]} Rc8 {[%emt 0:01:30]} 11. O-O-O {[%emt 0:04:50]} b5 {[%emt 0:02:20]} 12. Kb1 {[%emt 0:01:26]} Be7 {[%emt 0:06:57]} 13. Nd5 {[%emt 0:04:36]} Bxd5 {[%emt 0:01:17]} 14. exd5 {[%emt 0:00:59]} Nb6 {[%emt 0:01:17]} 15. Bxb6 {[%emt 0:01:06]} Qxb6 {[%emt 0:03:06]} 16. Bd3 {[%emt 0:02:41]} g6 {[%emt 0:06:52]} 17. Be4 {[%emt 0:04:43]} Kf8 {[%emt 0:08:22]} 18. Na5 {[%emt 0:03:19]} Kg7 {[%emt 0:06:30]} 19. Nc6 {[%emt 0:00:33]} Rxc6 {[%emt 0:14:53]} 20. dxc6 {[%emt 0:00:33]} d5 {[%emt 0:00:02]} 21. Bd3 {[%emt 0:01:18]} Bc5 {[%emt 0:02:35]} 22. Qg5 {[%emt 0:01:49]} Re8 {[%emt 0:02:35]} 23. Rde1 {[%emt 0:02:39]} e4 {[%emt 0:18:40]} 24. fxe4 {[%emt 0:02:27]} dxe4 {[%emt 0:00:01]} 25. Rhf1 {[%emt 0:04:05]} Qxc6 {[%emt 0:00:02]} 26. Be2 {[%emt 0:04:11]} Be7 {[%emt 0:10:10]} 27. Rd1 {[%emt 0:02:42]} Rc8 {[%emt 0:02:47]} 28. c3 {[%emt 0:01:28]} Qe6 {[%emt 0:00:03]} 29. Qe3 {[%emt 0:02:21]} Rc5 {[%emt 0:02:31]} 30. g3 {[%emt 0:05:54]} Re5 {[%emt 0:00:17]} 31. Qd4 {[%emt 0:04:14]} e3 {[%emt 0:03:37]} 32. Qa7 {[%emt 0:02:49]} Ne4 {[%emt 0:00:57]} 33. Qxe3 {[%emt 0:00:57]} Nf6 {[%emt 0:00:43]} 34. Qd4 {[%emt 0:01:44]} Rxe2 {[%emt 0:00:10]} 35. Qd3 {[%emt 0:02:45]} Re3 {[%emt 0:00:16]} 36. Qd4 {[%emt 0:00:39]} Re4 {[%emt 0:00:30]} 37. Qf2 {[%emt 0:00:16]} Ng4 {[%emt 0:00:39]} 38. Qf3 {[%emt 0:00:35]} Nh2 {[%emt 0:00:35]} 39. Qd3 {[%emt 0:00:25]} Nxf1 {[%emt 0:00:08]} 40. Rxf1 {[%emt 0:00:06]} Re3 {[%emt 0:00:39]} 41. Qd4+ {[%emt 0:15:21]} Bf6 {[%emt 0:15:21]} 42. Qf4 {[%emt 0:00:08]} Qe4+ {[%emt 0:01:38]} 43. Qxe4 {[%emt 0:00:19]} Rxe4 {[%emt 0:00:02]} 0-1

[Event "Faroes Open 2018"]
[Site "Sandavagur"]
[Date "2018.07.07"]
[Round "1"]
[White "Olsen, Kaj"]
[Black "Jotic, Vladimir"]
[Result "0-1"]
[WhiteElo "1696"]
[BlackElo "2387"]
[Annotator "TA"]
[PlyCount "98"]
[EventDate "2018.07.07"]
[EventType "swiss"]
[EventCountry "FAI"]
[SourceTitle "playchess.com"]
[Source "ChessBase"]
[SourceQuality "1"]

{[%evp 28,98,19,20,23,23,22,12,11,0,19,0,4,0,14,-14,0,-14,0,-42,-42,-50,-41,-43,-37,-70,-49,-83,-87,-85,-72,-72,-72,-95,-90,-109,-95,-113,-95,-118,-112,-120,-120,-118,-114,-297,-275,-345,-368,-390,-372,-386,-373,-345,0,-856,-835,-824,-802,-756,-708,-1355,-920,-2273,-2261,-1762,-2060,-2336,-1677,-5677,-5106,-2998,-2608]} 1. e4 c5 2. Nf3 Nc6 3. d4 cxd4 4. Nxd4 g6 5. c4 Bg7 6. Be3 Nf6 7. Nc3 d6 8. Be2 O-O 9. Qd2 Bd7 10. O-O Nxd4 11. Bxd4 Bc6 12. f3 a5 13. b3 Nd7 14. Rab1 {B38: Sicilian: Maroczy Bind with 5...Bg7 and 7...0-0} (14. Be3 Nc5 15. Rab1 Qb6 16. Rfc1 Rfc8 17. Bf1 Qb4 18. Qb2 Qb6 19. Kh1 Qd8 20. Qd2 e6 21. Bg5 Qf8 22. Rd1 h6 23. Be3 Rd8 24. a3 Nd7 25. b4 axb4 26. axb4 {0-1 (41) Wang,H (2690)-Bu,X (2713) China 2017}) 14... Bxd4+ 15. Qxd4 {LiveBook: 3 Games} Qb6 16. Qxb6 {White has an edge.} Nxb6 17. Bd3 $146 ({Predecessor:} 17. Rfc1 Rfc8 18. Kf2 Bd7 19. f4 Rc5 20. Bf3 f6 21. Re1 Rf8 {0-1 (56) Klenburg,M (2426)-Pikula,D (2570) Budva 2009}) 17... Nd7 18. Rfd1 g5 19. Rd2 Kg7 20. Kf2 h5 21. h3 Ne5 22. Bc2 Rac8 23. Rh1 h4 24. Rhd1 a4 25. Ra1 Ra8 26. Rdd1 Ra7 27. Nd5 Bxd5 28. Rxd5 axb3 29. Bxb3 Rc8 30. Rc1 Rc5 31. Ke3 Kf6 32. Rc2 Ra6 33. Rxc5 dxc5 $17 {[%mdl 4096] Endgame KRB-KRN} 34. Rd2 e6 35. Rd8 Ra3 {[#] White must now prevent ...b5.} 36. Ke2 $2 (36. Kd2 $17) 36... Nc6 $19 37. Rd3 Nd4+ 38. Ke3 Ke5 39. Kf2 Kf4 40. Rc3 Ke5 $2 {[#]} ({Black should try} 40... f6 $19 41. Re3 b5) 41. g3 $2 {[%mdl 8192]} (41. Rd3 $11) 41... hxg3+ {Black is clearly winning.} 42. Kg2 Ra8 43. Rd3 Kf4 44. a4 Rd8 45. Bd1 Nc6 46. Rxd8 Nxd8 47. Bc2 Nc6 48. Bd1 b6 49. Be2 Ne5 {Precision: White = 17%, Black = 78%.} 0-1

[Event "Faroes Open 2018"]
[Site "Sandavagur"]
[Date "2018.07.07"]
[Round "1"]
[White "Joensen, Hans Petur"]
[Black "Haubro, Martin"]
[Result "0-1"]
[WhiteElo "1627"]
[BlackElo "2373"]
[Annotator "ChessBase"]
[PlyCount "84"]
[EventDate "2018.07.07"]
[EventType "swiss"]
[EventCountry "FAI"]
[SourceTitle "playchess.com"]
[Source "ChessBase"]
[SourceQuality "1"]
[TimeControl "40/5400+30:900+30"]

1. c4 {[%emt 0:00:00]} e5 {[%emt 0:00:00]} 2. b3 {[%emt 0:00:00]} Nc6 {[%emt 0:01:27]} 3. Bb2 {[%emt 0:01:31]} Nf6 {[%emt 0:01:11]} 4. g3 {[%emt 0:00:55]} d5 {[%emt 0:00:57]} 5. cxd5 {[%emt 0:01:31]} Qxd5 {[%emt 0:03:59]} 6. Nf3 {[%emt 0:02:23]} e4 {[%emt 0:00:07]} 7. Nc3 {[%emt 0:02:46]} Qe6 {[%emt 0:03:22]} 8. Nb5 {[%emt 0:06:25]} Qd7 {[%emt 0:12:33]} 9. Ng5 {[%emt 0:09:27]} a6 {[%emt 0:02:40]} 10. Nc3 {[%emt 0:04:42]} Qf5 {[%emt 0:00:08]} 11. h4 {[%emt 0:07:38]} Bc5 {[%emt 0:04:18]} 12. e3 {[%emt 0:03:38]} h6 {[%emt 0:03:06]} 13. Nh3 {[%emt 0:05:23]} Ne5 {[%emt 0:03:02]} 14. Be2 {[%emt 0:03:31]} Bd7 {[%emt 0:02:11]} 15. Nf4 {[%emt 0:04:16]} Bc6 {[%emt 0:00:52]} 16. Qc2 {[%emt 0:05:06]} O-O-O {[%emt 0:02:15]} 17. O-O-O {[%emt 0:00:25]} Nd3+ {[%emt 0:01:06]} 18. Kb1 {[%emt 0:04:46]} Nxf2 {[%emt 0:01:01]} 19. Rhf1 {[%emt 0:00:18]} Nxd1 {[%emt 0:00:13]} 20. Nxd1 {[%emt 0:01:55]} Bb4 {[%emt 0:05:19]} 21. Nc3 {[%emt 0:03:34]} Qc5 {[%emt 0:02:05]} 22. g4 {[%emt 0:03:36]} g5 {[%emt 0:05:33]} 23. d4 {[%emt 0:08:27]} Qd6 {[%emt 0:01:50]} 24. hxg5 {[%emt 0:06:00]} hxg5 {[%emt 0:00:06]} 25. Nh5 {[%emt 0:00:41]} Nxh5 {[%emt 0:01:39]} 26. gxh5 {[%emt 0:01:35]} Bxc3 {[%emt 0:00:45]} 27. Bxc3 {[%emt 0:00:55]} Bd5 {[%emt 0:00:16]} 28. Bg4+ {[%emt 0:01:22]} Kb8 {[%emt 0:00:21]} 29. Qg2 {[%emt 0:01:59]} Rh6 {[%emt 0:01:58]} 30. Be1 {[%emt 0:00:28]} Rf8 {[%emt 0:02:11]} 31. Bg3 {[%emt 0:01:19]} Qb6 {[%emt 0:00:09]} 32. Be5 {[%emt 0:01:32]} a5 {[%emt 0:07:33]} 33. Bg7 {[%emt 0:02:03]} Rg8 {[%emt 0:07:39]} 34. Bxh6 {[%emt 0:00:55]} a4 {[%emt 0:00:15]} 35. Rf5 {[%emt 0:03:31]} Bc4 {[%emt 0:02:26]} 36. Rxg5 {[%emt 0:00:56]} Bd3+ {[%emt 0:01:40]} 37. Kb2 {[%emt 0:00:21]} Rxg5 {[%emt 0:00:10]} 38. Bxg5 {[%emt 0:00:13]} Qb4 {[%emt 0:03:26]} 39. Bh4 {[%emt 0:00:38]} a3+ {[%emt 0:00:13]} 40. Kc1 {[%emt 0:01:15]} Qc3+ {[%emt 0:00:04]} 41. Kd1 {[%emt 0:15:59]} Qa1+ {[%emt 0:15:06]} 42. Kd2 {[%emt 0:00:46]} Qxa2+ {[%emt 0:00:04]} 0-1

[Event "Faroes Open 2018"]
[Site "Sandavagur"]
[Date "2018.07.07"]
[Round "1"]
[White "Nielsen, Suni i Horni"]
[Black "Rodgaard, John"]
[Result "0-1"]
[WhiteElo "1487"]
[BlackElo "2319"]
[Annotator "TA"]
[PlyCount "100"]
[EventDate "2018.07.07"]
[EventType "swiss"]
[EventCountry "FAI"]
[SourceTitle "playchess.com"]
[Source "ChessBase"]
[SourceQuality "1"]

{[%evp 13,100,11,29,0,20,28,24,27,47,19,11,0,20,0,-5,-18,-19,-64,0,14,10,10,19,0,6,0,20,25,35,24,31,11,7,9,39,2,13,0,22,-5,16,0,12,-23,-39,-31,-29,-37,-40,-22,-10,-105,-71,-174,-168,-160,-146,-140,-33,-198,-193,-279,-281,-274,-164,-511,-506,-462,0,0,0,0,0,0,0,-5097,-2281,-5097,-5097,-5097,-5097,-29982,-29983,-29983,-29984,-29984,-29984,-29987,-29988]} 1. e4 c5 2. Nf3 e6 3. d4 cxd4 4. Nxd4 a6 5. Nc3 b5 6. a3 Bb7 7. Bd3 Qc7 {LiveBook: 10 Games. B43: Sicilian: Kan Variation: 5 Nc3} (7... Bc5 8. Nb3 Be7 9. O-O d6 10. Bd2 Nf6 11. Qf3 Nbd7 12. Qg3 h5 13. f4 h4 14. Qf3 Rc8 15. Rae1 {0-1 (33) Karttunen,M (2455)-Andreikin,D (2737) Tallinn 2016}) 8. Bg5 d6 $146 (8... Nc6 {looks sharper.} 9. Nb3 Nf6 10. O-O Be7 11. f4 d6) ({Predecessor:} 8... Bc5 9. Nce2 Ne7 10. O-O Nbc6 11. Nxc6 Nxc6 12. Qd2 Ne5 13. Bf4 O-O {0-1 (30) Franciosi,C (1647)-Chiaretti,R (2198) Rome 2009}) 9. f4 Nc6 {White has an edge.} 10. Nxc6 Bxc6 11. Qe2 (11. Qg4 {is more complex.} Qb6 12. f5 h6 13. Bh4 Qe3+ 14. Be2) 11... Be7 12. Bxe7 Qxe7 13. Qf2 Nf6 14. h3 O-O 15. Qh4 {Strongly threatening e5.} Nd5 (15... Qa7 $15) 16. Qxe7 $11 Nxe7 17. O-O-O Rfd8 18. Be2 Kf8 19. Rd2 Nc8 20. Rhd1 Ke7 21. Bf3 Ra7 22. Ne2 Nb6 23. b3 Rad7 24. Nd4 Ba8 25. g4 g6 26. Bg2 e5 27. Ne2 h6 28. f5 (28. Rd3 {seems wilder.} Bb7 29. Kb2 a5 30. R3d2 Bc6 31. Re1) 28... gxf5 29. gxf5 d5 30. exd5 Bxd5 31. Bxd5 Rxd5 32. Rxd5 (32. Ng3 $11) 32... Rxd5 $17 ({Much weaker is} 32... Nxd5 $6 33. Rd2 $11) 33. Rxd5 (33. Ng3 $17) 33... Nxd5 $11 {[%mdl 4096] Endgame KN-KN} 34. Ng3 Kf6 $1 35. Kd2 {[#]} Ne7 (35... Kg5 $1 $17 36. Ne4+ Kxf5) 36. Ne4+ $2 (36. Kd3 $15) 36... Kxf5 $19 37. Nc5 (37. Ke3 $142) 37... Kf4 38. Nxa6 f5 (38... Kg3 $142 39. Ke3 h5) 39. Nc7 $2 (39. Nb4 {was the crucial defense.}) 39... Kg3 40. Nxb5 Kf2 $2 ({Better is} 40... Kxh3 $19 41. a4 h5) 41. Nc3 $1 $11 e4 {...e3+ is the strong threat.} 42. Nd1+ $1 Kg3 43. b4 {aiming for c4.} f4 {[%cal Bf5f4,Bf4f3][%mdl 32] Hoping for ...Nf5.} 44. c4 $2 {[%mdl 8192] [#]} (44. Ke1 $11) 44... Nf5 $1 $19 45. b5 e3+ 46. Kd3 f3 47. b6 e2 {Black mates.} 48. Kd2 exd1=Q+ 49. Kxd1 Ne3+ 50. Kd2 Nxc4+ {Precision: White = 25%, Black = 49%.} 0-1

[Event "Faroes Open 2018"]
[Site "Sandavagur"]
[Date "2018.07.07"]
[Round "1"]
[White "Tummasarson, Flovin M"]
[Black "Nilssen, Ellen Fredericia"]
[Result "1/2-1/2"]
[WhiteElo "1237"]
[BlackElo "2152"]
[Annotator "TA"]
[PlyCount "90"]
[EventDate "2018.07.07"]
[EventType "swiss"]
[EventCountry "FAI"]
[SourceTitle "playchess.com"]
[Source "ChessBase"]
[SourceQuality "1"]

{[%evp 9,90,-26,-24,-36,0,-14,-10,-8,37,-14,6,0,0,0,0,0,16,11,16,2,15,12,21,-9,0,0,0,0,0,0,10,7,19,8,16,-12,-4,-22,-16,-53,-47,-51,-13,-58,-18,-22,-15,-82,-31,-37,0,-81,0,-26,205,12,147,148,148,120,141,130,153,142,152,114,210,198,254,96,79,95,102,87,3229,3355,2678,2762,2109,0,926,0,1922]} 1. e4 e6 2. d4 d5 3. exd5 exd5 4. c4 {[%cal Bc2c4,Bc4c5][%mdl 32]} c6 5. c5 (5. Nc3 Nf6 6. Nf3 Bd6 7. Bd3 O-O 8. O-O dxc4 9. Bxc4 Bg4 10. Bg5 Nbd7 11. Qd3 Qc7 12. h3 Bh5 13. Rfe1 Bg6 14. Qd2 Rfe8 15. a3 {0-1 (49) Kanter,E (2353)-Pankov,G (2404) Minsk 2015}) 5... Nf6 6. Nf3 {C01: French: Exchange Variation} Be7 7. Nc3 O-O 8. Be3 Qc7 $146 ({Predecessor:} 8... b6 9. b4 a5 10. a3 Ng4 {½-½ (10) Grussova,H (1978)-Makaj,J (2042) Karlovy Vary 2011}) 9. h3 (9. Bd3 $14) 9... Bf5 10. Bd3 Bxd3 11. Qxd3 Nbd7 12. O-O b6 {[%cal Rb6c5]} 13. b4 a5 14. a3 b5 15. Ne2 Qb7 16. Nd2 axb4 17. axb4 Rxa1 18. Rxa1 Ra8 19. Qc3 (19. Qb1 {with more complications.} Bd8 20. Nf3 Bc7 21. Rxa8+ Qxa8 22. Bf4) 19... Ra6 20. Rxa6 Qxa6 21. Nb3 Qa4 22. Ng3 {[#] Black must now prevent Na5.} Bd8 23. Bf4 Nf8 24. Nd2 Ne6 $36 {[%mdl 2048] Black has good play.} 25. Be3 Nd7 26. Ngf1 {[%cal Bg3f1,Bf1d2,Bd2b3][%mdl 32]} Bf6 27. Nb3 Nb8 28. Na5 (28. Nh2 $11) 28... Bd8 (28... Qd1 $17 {[%cal Re6d4]} 29. Nb3 Na6) 29. Nb7 Bf6 30. Na5 h5 (30... Qd1 $17 {[%cal Re6d4]} 31. Nb3 Na6) 31. Nd2 Ng5 $2 {[#]} (31... Qd1+ $11 {and Black is okay.} 32. Kh2 Qe1) 32. Bf4 $2 (32. Bxg5 $1 $18 Bxg5 33. Qg3 Bxd2 34. Qxb8+ Kh7 35. Qe5 (35. Nxc6 Qd1+ 36. Kh2 Qe2 $11) 35... Qd1+ 36. Kh2) 32... Na6 (32... Qd1+ $11 {remains equal.} 33. Kh2 Ne6 34. Bxb8 Bxd4) 33. Nxc6 $16 Ne6 34. Be5 {And now Bxf6 would win.} Bxe5 35. dxe5 {Strongly threatening Ne7+.} ({Much worse is} 35. Nxe5 $6 Qxb4 36. Qf3 f6 $11) 35... Qa2 36. Nb3 Nac7 37. Nbd4 Qb1+ (37... Qc4 $16 {might work better.} 38. Qxc4 dxc4) 38. Kh2 $18 Qe4 (38... Qa2 {was worth a try.} 39. Nxe6 Nxe6) 39. Nxe6 $2 (39. f3 $18 {is more deadly.} Qb1 40. Nxe6 Nxe6 41. Ne7+ Kf8 42. Nxd5) 39... Nxe6 $16 40. Qe3 {Threatens to win with Qxe4.} Qc4 41. Qf3 d4 $2 {[%mdl 8192]} (41... Kf8 $16) 42. Ne7+ $18 Kf8 43. Ng6+ Kg8 44. Ne7+ (44. Qa8+ $142 Kh7 45. Ne7) 44... Kf8 45. Ng6+ (45. Nf5 $142 Nc7 46. Qb7) 45... Kg8 {[%mdl 32768] Precision: White = 22%, Black = 20%. . An unexpected result.} 1/2-1/2

[Event "Faroes Open 2018"]
[Site "Sandavagur"]
[Date "2018.07.07"]
[Round "1"]
[White "Petersen, Elias"]
[Black "Nielsen, Torkil"]
[Result "0-1"]
[WhiteElo "1035"]
[BlackElo "2115"]
[Annotator "NA"]
[PlyCount "44"]
[EventDate "2018.07.07"]
[EventType "swiss"]
[EventCountry "FAI"]
[SourceTitle "playchess.com"]
[Source "ChessBase"]
[SourceQuality "1"]
[TimeControl "40/5400+30:900+30"]

1. e4 {[%emt 0:00:00]} e5 {[%emt 0:00:00]} 2. Nf3 {[%emt 0:00:00]} Nc6 {[%emt 0:00:00]} 3. Bc4 {[%emt 0:00:24]} Nf6 {[%emt 0:00:05]} 4. d3 {[%emt 0:00:16]} Bc5 {[%emt 0:00:33]} 5. O-O {[%emt 0:00:26]} d6 {[%emt 0:00:22]} 6. a3 {[%emt 0:00:50]} Bg4 {[%emt 0:01:05]} 7. h3 {[%emt 0:00:17]} Bh5 {[%emt 0:00:18]} 8. Nbd2 {[%emt 0:00:35]} Qd7 {[%emt 0:01:02]} 9. b4 {[%emt 0:01:10]} Bb6 {[%emt 0:01:56]} 10. Bb2 {[%emt 0:00:50]} Ne7 {[%emt 0:01:12]} 11. c3 {[%emt 0:01:00]} g5 {[%emt 0:01:57]} 12. Qc2 {[%emt 0:00:36]} g4 {[%emt 0:00:44]} 13. hxg4 {[%emt 0:00:52]} Qxg4 {[%emt 0:00:10]} 14. Nh2 {[%emt 0:00:38]} Qf4 {[%emt 0:02:31]} 15. Bc1 {[%emt 0:02:57]} Rg8 {[%emt 0:04:16]} 16. Ndf3 {[%emt 0:01:48]} Qg3 {[%emt 0:00:18]} 17. Ng5 {[%emt 0:02:16]} Rxg5 {[%emt 0:03:19]} 18. Bxg5 {[%emt 0:00:58]} Qxg5 {[%emt 0:00:06]} 19. Kh1 {[%emt 0:01:50]} O-O-O {[%emt 0:00:51]} 20. Bb3 {[%emt 0:03:24]} Qh4 {[%emt 0:00:51]} 21. c4 {[%emt 0:01:34]} Ng4 22. g3 {[%emt 0:00:59]} Qxh2# 0-1